| 000 | 00963nam a22003017a 4500 | ||
|---|---|---|---|
| 003 | CHAP | ||
| 005 | 20220329134241.0 | ||
| 008 | 971013s1947 r 00010 d | ||
| 010 | _a17602 | ||
| 011 | _a18574 | ||
| 035 | _a22659 | ||
| 040 | _cCHAP | ||
| 090 | _aTesis | ||
| 100 | 0 | 0 |
_aCatani, Renato A. _920489 |
| 245 | _aContribucao ao estudo dos fosfatos, sua dosagen, estracao e distribucao nos solos do Estado de S. Paulo | ||
| 260 |
_aCampinas, Brasil : _bEl autor, _c1947 |
||
| 300 | _a64 p. | ||
| 502 | _aTesis (Doutoramento) -- Escola Superior de Agricultura &"Luiz de Queiros" | ||
| 590 |
_aALEPH _b10 _c20130110 _lUCH01 _h1240 |
||
| 590 |
_aBATCH-UPD _b10 _c20130110 _lUCH01 _h0040 |
||
| 590 |
_aBATCH-UPD _b10 _c20130110 _lUCH01 _h2312 |
||
| 590 |
_aCONVERSION _b10 _c20130109 _lUCH01 _h1311 |
||
| 650 | 1 | 4 |
_aFosfatos. _942669 |
| 650 | 1 | 4 |
_aSuelos _xFosfatos en. _9110378 |
| 901 | _aBK | ||
| 942 | _cTESIS | ||
| 949 |
_bBC _cTES _d-53041 _eTS1 _i22659 _si |
||
| 999 |
_c17602 _d17602 |
||